Normal view
MARC view
Entry Topical Term
001 - CONTROL NUMBER
- control field: 13223
003 - CONTROL NUMBER IDENTIFIER
- control field: BD-RjUL
005 - DATE AND TIME OF LATEST TRANSACTION
- control field: 20240529101621.0
008 - FIXED-LENGTH DATA ELEMENTS
- fixed length control field: 240529|| aca||aabn | a|a d
040 ## - CATALOGING SOURCE
- Original cataloging agency: BD-RjUL
- Transcribing agency: BD-RjUL
150 ## - HEADING--TOPICAL TERM
- Topical term or geographic name entry element: Limnological
- Form subdivision: Zooplankton
670 ## - SOURCE DATA FOUND
- Source citation: Work cat.: (BD-RjUL)83846: Nessa, Quamrun 13222, Limnological Studies and the Effects of Zooplankton on the Growth of the Hatchlings of some Major Carps /, 2002